| 000 | 02930 a2200301 4500 | ||
|---|---|---|---|
| 001 | 49430 | ||
| 005 | 20260407155757.0 | ||
| 008 | 260407a2003 arg spa d | ||
| 003 | AR-UNSa-BCEJYS | ||
| 040 |
_aAR-UNSa-BCEJYS _bspa _cAR-UNSa-BCEJYS |
||
| 080 |
_a658.012.4 _xGestión. Dirección. Autoridad. Técnicas y métodos de gestión (gestión del conocimiento, Outsourcing, Benchmarking...) |
||
| 245 | 1 | 0 |
_aModelos de gestão _po que são e quando devem ser usados |
| 020 | _a85-87918-66-4 | ||
| 264 | 1 |
_aSan Pablo : _bPrentice Hall _c2003 |
|
| 300 |
_axvi, 206 p. _c24 cm. |
||
| 505 | _a1. Custeio baseado em atividade - 2. Papéis gerenciais PAEI de Adizes - 3. Matriz de produto/mercado de Ansoff - 4. Balancê scorecard - 5. Matriz BCG - 6. Papéis de equipe de Belbin - 7. Benchmarking - 8. Modelo de gestão de projetos de Berenschot - 9. Redesenho do processo de negócios - 10. Modelo de maturidade da competência - 11. Quadrantes de mudança - 12. Modelo do caos - 13. Valores concorrentes de eficácia organizacional - 14. Análise competitiva: as cinco forças de Porter - 15. Tipologia da obediência - 16. Competências essenciais - 17. Quadrantes essenciais - 18. Os sete hábitos de Covey de pessoas altamente eficazes - 19. Gestão de marketing e relacionamento com o cliente - 20. Ciclo de Deming - 21. Modelo EFQM - 22. A administração eficaz do tempo de Eisenhower - 23. EVA - Valor econômico agregado - 24. A quinta disciplina - 25. Quatro competências da organização que aprende - 26. Estratégias competitivas genéricas - 27. Os deuses da gestão - 28. Modelo de crescimento de Greiner - 29. Dimensões culturais de Hofstede - 30. Just-in-time - 31. Kaizen - 32. Capacidades distintivas de Kay - 33. As oito fases da mudança de Kotter - 34. Modelo de compras de Kraljic - 35. Alavancas de controle - 36. Análise MABA - 37. Malcolm Baldrige Award - 38. Marketing mix - 39. Maslow - 40. Modelo 7-S - 41. Configurações de Mintzberg - 42. Os papéis gerenciais de Mintzberg - 43. A organização neurótica - 44. Estágios de crescimento da TI de Nolan - 45. Análise do valor dos custos indiretos - 46. Vantagem de ser matriz - 47. O modelo de mudança propositada - 48. Análise de risco e retorno - 49. Planejamento de cenário (Shell) - 50. Escolas de síntese de estratégia - 51. Modelo das sete forças - 52. Organização sociotécnica - 53. Análise de SWOT - 54. Gestão baseada em valor - 55. Cadeia de valores - 56. Disciplinas de valor. | ||
| 041 | _aspa | ||
| 942 | _cBK | ||
| 590 | _aniveau_biblio:m niveau_hierar:0 | ||
| 100 | 1 | _aHave, Steven ten | |
| 700 | 1 | _aHave, Wouter ten | |
| 700 | 1 | _aRamos Fernandes, Brasil | |
| 700 | 1 | _aStevens, Frans | |
| 700 | 1 | _aCampiani Maximiano, Guilherme | |
| 700 | 1 | _aElst, Marcel van der | |
| 700 | 1 | _aPol-Coyne, Fiona | |
| 856 | 4 | 1 |
_uhttps://www.biblioeco.unsa.edu.ar/pmb/images/libros/L128092.jpg _yImagen de portada _qimage/jpeg |
| 999 |
_c4841 _d4841 |
||